Quizzes
Events
Quiz Creation
Community
Videos
Private Events
Remove Ads
Sign In
Join for FREE
Feedback
Dark Mode
Quiz Categories
Sports
Geography
Music
Movies
Television
Just For Fun
Miscellaneous
History
Literature
Language
Science
Gaming
Entertainment
Religion
Holiday
For Kids
Quiz Lab
Recent
Popular Today
Quiz Kudos Today
Editor Picks
Curator Picks
Quizzes by...
Day
Popularity
Type
Ratings
Length
Year
Community
Subscriptions
Recent Discussions
Orange Saloon
Badges
Playlists
Quests
Create
Leaderboards
Showdown
Live 5
Trivia Bingo
Activity
Puzzle Library
Sporcle Events
Private Events
Virtual Trivia
Globe League
Become a Host
Pub Owners
SporcleCon
Opinionation
Our Games
Videos
Blog
Mobile Apps
Partnerships
Remove Ads and Go Orange
Feedback
Sports
Athletes
MLB
NBA
NHL
NFL
Soccer
Sports Teams
WWE
NCAA
Football
Premier League
Basketball
Baseball
Hockey
Golf
Tennis
Cricket
Rugby
Auto Racing
Olympics
World Cup
Sports
Athletes
MLB
NBA
NHL
NFL
Soccer
Sports Teams
WWE
NCAA
Football
Premier League
Basketball
Baseball
Hockey
Golf
Tennis
Cricket
Rugby
Auto Racing
Olympics
World Cup
Random Quiz
Search Sporcle
×
Quiz Lab
Quiz Lab
Sports
NFL
Type in answers that appear in a list
Type in answers that appear in a list
Classic
Best Score? Go Orange.
NFLPA Top 50 Selling NFL Jerseys Stats
Name The Top SElling NFL Jersey of the 2016 Season (NFLPA)?
By
BadgerFan01
5m
50 Questions
385 Plays
385 Plays
385 Plays
Comments
Comments
Give Quiz Kudos
Give Quiz Kudos
-
- Ratings
hide this ad
Replay
Link that replays current quiz
Next Quiz
Link to next quiz in quiz playlist
You Got
0%
They Got
Avg Score
72%
Avg Friend Score
Upgrade to see
Score Distribution
Jump to the score distribution portion of the page
Score
0/50
Timer
05:00
0
Plays Today
Team
Player
% Correct
New England
Tom Brady
99.5%
Denver
Peyton Manning
98.4%
New York Giants
Eli Manning
97.9%
Seattle
Russell Wilson
97.1%
Green Bay
Aaron Rodgers
95.8%
Carolina
Cam Newton
94.5%
Dallas
Tony Romo
92.2%
New York Giants
Odell Beckham Jr.
89.9%
Dallas
Dez Bryant
88.8%
Houston
J.J. Watt
88.8%
New England
Rob Gronkowski
88.1%
Pittsburgh
Antonio Brown
85.2%
Seattle
Marshawn Lynch
84.4%
New Orleans
Drew Brees
82.6%
Seattle
Richard Sherman
82.1%
Indianapolis
Andrew Luck
80.5%
Detroit
Calvin Johnson
80.5%
Denver
Demaryius Thomas
80.3%
Seattle
Earl Thomas
80.3%
Oakland
Derek Carr
80%
Pittsburgh
Ben Roethlisberger
80%
San Francisco
Colin Kaepernick
79.2%
Tennessee
Marcus Mariota
78.4%
Denver
Von Miller
77.7%
Arizona
Larry Fitzgerald
76.9%
Team
Player
% Correct
Green Bay
Jordy Nelson
75.6%
Tampa Bay
Jameis Winston
74.5%
Pittsburgh
Le'Veon Bell
74%
Cincinnati
A.J. Green
72.7%
Carolina
Luke Kuechly
71.4%
Green Bay
Clay Matthews
70.6%
Miami
Ryan Tannehill
70.1%
Dallas
Jason Witten
66.8%
Minnesota
Teddy Bridgewater
66.8%
Philadelphia
DeMarco Murray
65.7%
New England
Julian Edelman
65.7%
San Diego
Phillip Rivers
64.4%
Oakland
Amari Cooper
62.6%
Seattle
Kam Chancellor
61.8%
Buffalo
LeSean McCoy
61%
Green Bay
Eddie Lacy
60.5%
Chicago
Matt Forte
59.5%
Kansas City
Jamaal Charles
56.4%
Oakland
Khalil Mack
51.2%
Seattle
Jimmy Graham
49.6%
New York Jets
Darrelle Revis
46.2%
Carolina
Greg Olsen
45.7%
Buffalo
Sammy Watkins
39%
Cleveland
Joe Haden
36.9%
San Francisco
Jerryd Hayne
3.6%
Quiz Playlist
Details
Report
Send in Message
Add To Playlist
Classic:
Type in answers that appear in a list
Quiz Source
Last Updated: Feb 16, 2017
Quiz Scoreboard
CHALLENGE
Sign Up to Join the Scoreboard
Show All
Scores
Hide
Comments
May contain spoilers
Recently Published
Movies - When Are They Set?
by FPL_Elf
Movies
5m
Popular People in 1961
by mucciniale
History
6m
1-10 Letter E Words III
by El_Dandy
Language
2m
More to Explore
Quiz From the Vault
Featured Blog Post
Where Did the Easter Bunny Come From?
hide this ad
You Might Also Like...
Tags
NFL Quiz
2016
Jersey
Player
season
team
Today's Top Quizzes in Sports
Browse Sports
hide this ad
Today's Top Quizzes in NFL
Browse NFL
Top Contributed Quizzes in Sports
1
Les meilleurs buteurs des matchs entre le PSG et l’OM
2
Les entraîneurs de l'OM et du PSG au 21e siècle
3
FIFA Club World Cup Champions
4
2022 World Cup Stars
5
Name the Premier League winners with different clubs
6
La finale Lions - Afrique du Sud 2021
7
Criteria MLB: Left Handed Sluggers
8
Players with Multiple 50 Home Run Seasons
9
MLB Players with Two .350 Batting Average Seasons
10
MLB Hall of Famer by Rings
Explore More
Trending Topics
NBA
Marvel
Disney
Crossword
Harry Potter
Anime
Kpop
WWE
The Office
Puzzle
NFL
Song
Soccer
Country
Pokémon
hide this ad
More By:
BadgerFan01
Quiz
Plays
Rating
Category
Featured
Created
States That Border Wisconsin
3,673
4.68
Geography
Jan 7, 2017
Top Selling NFL Jersey in Each State 2015-2016
3,113
4.20
Sports
Feb 18, 2016
NBA Chain Game (100 Questions-Hard)
1,414
2.00
Sports
Jun 13, 2017
NBA Chain Game (Easy)
1,384
3.25
Sports
Oct 27, 2017
NBA Chain Quiz (LeBron Edition)
1,202
2.33
Sports
Jan 29, 2019
Go to Creator's Profile
Score Distribution
Quiz Creator Spotlight
BadgerFan01
Follow
Send a Message
Quizzes Created
-
Created Quiz Play Count
-
More By This Creator
Popular Quizzes Today
1
Find the US States - No Outlines Minefield
2
Find the Countries of Europe - No Outlines Minefield
3
The Countries of the World
4
Popular People in 1961
5
1-10 Letter E Words III
6
US States
7
Find the US States
8
One Thing in Common: World Cities II
More Sports Quizzes
ESPN 8 : Quick Pick 3
Quiz Lab
Trending Quizzes
Risky Map Clicking: Least Populous States A-Z
1-10 Letter F Words
1-10 Letter G Words
One Thing in Common: United Kingdom
Risky Map Clicking: Next State Alphabetically
Recently Updated
Leaping Animals
pecheneg
Reality TV Shows (A-Z)
bhenderson79
Rickey Henderson's Hall of Fame Teammates
pecheneg
Champions League XIs: Arsenal
pecheneg
Quick Pick: Celebrities in WWE's Hall of Fame
aduchscher
A-Z Keypad Blitz II
pecheneg
Multiple Oscar Actors
pecheneg
Mystery Phrase Blitz: Oscar 'Best Actors'
pecheneg
F. Scott Fitzgerald Novels
LTH
Pick 3 Villains
ddd62291
Trending Topics
Anime
Kpop
Marvel
NBA
Crossword
Harry Potter
Disney
NFL
Song
WWE
Country
Pokémon
Puzzle
The Office
Soccer
Your Account Isn't Verified!
In order to create a playlist on Sporcle, you need to verify the email address you used during registration. Go to your
Sporcle Settings
to finish the process.
Report this User
Report this user for behavior that violates our
Community Guidelines
.
Details:
Send Report
Go to the Sporcle.com Mobile Site →
Comments